|
|
|
|
| LEADER |
00971nam a22002057a 4500 |
| 008 |
130725b xxu||||| |||| 00| 0 eng d |
| 020 |
|
|
|a 9788188015320
|
| 082 |
|
|
|a 808.899282 RAM
|
| 100 |
|
|
|a രമേശന് നായര്, എസ്.
|
| 240 |
|
|
|a Panchamritham
|
| 245 |
|
|
|a പഞ്ചാമൃതം /
|c എസ്. രമേശന് നായര്
|
| 250 |
|
|
|a 1st ed.
|
| 260 |
|
|
|a കോഴിക്കോട് :
|b ലിപി പബ്നിക്കേഷന്സ്,
|c 2012.
|
| 300 |
|
|
|a 48p.
|
| 600 |
|
|
|a Ramesan Nair, S.
|
| 650 |
|
|
|a Children's literature
|
| 942 |
|
|
|2 ddc
|c BK
|
| 999 |
|
|
|c 1853
|d 1853
|
| 952 |
|
|
|0 0
|1 0
|2 ddc
|4 0
|6 808_899282000000000_RAM
|7 0
|9 2036
|a MAIN
|b MAIN
|d 2013-07-25
|e Lipi Publications
|g 35.00
|l 1
|o 808.899282 RAM
|p 2165
|r 2017-05-05
|s 2013-11-25
|t 1
|w 2013-07-25
|y BK
|
| 952 |
|
|
|0 0
|1 0
|2 ddc
|4 0
|6 808_899282000000000_RAM
|7 0
|9 16628
|a MAIN
|b MAIN
|d 2015-07-14
|e Lipi Publications
|g 35.00
|o 808.899282 RAM
|p 16047
|r 2015-07-14
|t 2
|w 2015-07-14
|y BK
|